| 000 | 00339nam a2200145Ia 4500 | ||
|---|---|---|---|
| 008 | 230312s9999||||xx |||||||||||||| ||und|| | ||
| 082 |
_a317.572 _bCEN-T |
||
| 100 | _aCengel;Yunus.A | ||
| 245 | 0 | _aThermodynamics | |
| 260 |
_bMcGraw-Hill _aUSA _c2006 |
||
| 300 | _a881 | ||
| 546 | _aEng. | ||
| 650 |
_aAviation _vThermodynamics |
||
| 942 | _cBK | ||
| 999 |
_c7320 _d7320 |
||